Central Library OPAC University of Rajshahi

সারেন্ডার অ্যাট ঢাকা : (Record no. 39680)

MARC details
000 -LEADER
fixed length control field 01199nam a2200253 a 4500
001 - CONTROL NUMBER
control field 39680
003 - CONTROL NUMBER IDENTIFIER
rucl marc code BD-RjUL
005 - DATE AND TIME OF LATEST TRANSACTION
control field 20211209053035.0
008 - FIXED-LENGTH DATA ELEMENTS--GENERAL INFORMATION
fixed length control field 160416r20111999bg ||||| |||| 001 0 ben d
020 ## - INTERNATIONAL STANDARD BOOK NUMBER
International Standard Book Number 9789848815649
Terms of availability :TK 300.00
035 ## - SYSTEM CONTROL NUMBER
System control number (BD-RjUL)
040 ## - CATALOGING SOURCE
Original cataloging agency BD-RjUL
Language of cataloging ben
Transcribing agency BD-RjUL
041 ## - LANGUAGE CODE
Language code of text/sound track or separate title ben
082 ## - DEWEY DECIMAL CLASSIFICATION NUMBER
Edition number 23
Classification number 954.922
Author mark and year JAS 2011
100 ## - MAIN ENTRY--PERSONAL NAME
Personal name জেকব, জ়ে এফ আর
9 (RLIN) 122218
245 ## - TITLE STATEMENT
Title সারেন্ডার অ্যাট ঢাকা :
Remainder of title একটি জাতির জন্ম /
Statement of responsibility, etc. লেফটেন্যান্ট জেনারেল জ়ে এফ আর জেকব ; আনিসুর রহমান মাহমুদ অনূদিত
260 ## - PUBLICATION, DISTRIBUTION, ETC. (IMPRINT)
Place of publication, distribution, etc. ঢাকা
Name of publisher, distributor, etc. দি ইউনিভার্সিটত প্রেস লিমিটেড
Date of publication, distribution, etc. ২০১১
300 ## - PHYSICAL DESCRIPTION
Pagination xi, ২৩০ পৃ. ;
Size ২১ সেমি.
504 ## - BIBLIOGRAPHY, ETC. NOTE
Bibliography, etc নির্ঘন্ট সম্বলিত
650 ## - SUBJECT ADDED ENTRY--TOPICAL TERM
Topical term or geographic name as entry element Dhaka
General subdivision History
9 (RLIN) 122391
Topical term or geographic name as entry element ঢাকা
General subdivision ইতিহাস
9 (RLIN) 122392
700 ## - ADDED ENTRY--PERSONAL NAME
Personal name মাহমুদ, আনিসুর রহমান মাহমুদ অনূদিত
942 ## - ADDED ENTRY ELEMENTS (KOHA)
Source of classification or shelving scheme Dewey Decimal Classification
Koha item type Books
Holdings
Lost status Source of classification or shelving scheme Damaged status Not for loan Collection code Permanent Location Current Location Shelving location Date acquired Source of acquisition Cost, normal purchase price Total Checkouts Full call number Date last seen Copy number Koha item type Total Renewals Date checked out
  Dewey Decimal Classification   Not For Loan Non-fiction Central Library, University of Rajshahi Central Library, University of Rajshahi Reading Room 26/12/2013 Dhaka : Prothoma Prokasona 300.00   B 954.922 JAS 2011 16/04/2016 C-1 Books    
  Dewey Decimal Classification     Non-fiction Central Library, University of Rajshahi Central Library, University of Rajshahi   26/12/2013 Dhaka : Prothoma Prokasona 300.00 1 B 954.922 JAS 2011 18/04/2019 C-2 Books 1 12/03/2019
  Dewey Decimal Classification     Non-fiction Central Library, University of Rajshahi Central Library, University of Rajshahi   26/12/2016 Dhaka : Prothoma Prokasona 300.00   B 954.922 JAS 2011 16/04/2016 C-3 Books